01392nam a2200433 i 45000010005000000030009000050050017000140080039000310150017000700200015000870350021001020400028001230410008001510460009001590800012001680800012001800800012001922450062002042500015002662600076002813000026003573360027003833370054004103380028004643800016004923800027005083850039005353880014005743880014005886580028006026550030006306500023006607000042006837000037007257000026007627000032007887100041008208560097008612373KOSZ 00520200420123758.0990506s1984 pl f f |000 0 pol aPB 1984/3344 a8320405734 a(OCoLC)749736180 aWA NcWA NdKOSZ 005/HR0 apol k1977 a537.533 a621.385 a(075.8)00aOptyka elektronowa /c[aut.] Henryk Szymański [et al.]. aWyd. 2 zm. aWarszawa :bWydawnictwa Naukowo-Techniczne,c1984e(BielBiała :fBZG). a285, [1] s. ;c24 cm. 2rdacontentaTekstbtxt 2rdamediaaBez urządzenia pośredniczącegobn 2rdacarrieraWoluminbnc aKsiążki aPublikacje dydaktyczne mPoziom nauczaniaaSzkoły wyższe a1901-2000 a1945-1989 aInżynieria i technika 4aPodręczniki akademickie 4aOptyka elektronowa1 aSzymański, Henrykd(1931- ).eAutor1 aMulak, Andrzejd(1936- ).eAutor1 aDuda, Andrzej.eAutor1 aRomanowski, Andrzej.eAutor2 aWydawnictwa Naukowo-Techniczne4pbl. uhttp://koha.tu.koszalin.pl/cgi-bin/koha/opac-detail.pl?biblionumber=2373yKatalog online BPK